LEADER 01144nam a2200301 a 4500 001 000000132853 003 CaOOAMICUS 005 20130218134509.0 008 130218s2002 it u000 u ita r 020 $a88-498-0486-5 040 $aPUL$bita 082 04$a233 100 1 $aSimon, Yves,$d1903-1961.$0(OLS)http://pul/name/32723 245 10$aTrattato del libero arbitrio /$cYves R. Simon. 260 $aSoveria Mannelli :$bRubbettino,$c2002. 300 $a111 p. ;$c23 cm 490 1 $aSaggi ;$v111 504 $aBibliografia in nota. 650 4$aLibero arbitrio.$0(OLS)http://pul/subject/4276 830 0$aSaggi (Rubbettino) ;$v111.$0(OLS)http://pul/title/57097 850 $aPUL 852 $aPUL$W1$xSL Religione 3$y85$m233 SIMYV 1$j152778$qDDC 21$B152229$CPULBib$Z2$F152229 $H121654 $82 941 1 $a9 996 $6020$a88-498-0486-5$9(OLS)http://pul/number/151871 996 $6082$a233$9(OLS)http://pul/classification/447 996 $6245$aTrattato del libero arbitrio$9(OLS)http://pul/title/167847 996 $6260$aSoveria Mannelli :$bRubbettino$9(OLS)http://pul/publisher/51639 LEADER 01116nam a2200265 a 4500 001 000000163370 003 CaOOAMICUS 005 20171012153304.0 008 171012s1973 it m u000 u eng r 032 $aLibriCat 040 $aPUL$bita 100 1 $aNedungatt, George,$cS.I,$d1932-$0(OLS)http://pul/name/30576 245 14$aThe covenanters of the early Syriac-speaking Church / $cGeorge Nedungatt. 260 $aRoma :$b[s.n.],$c1973. 300 $axx, p. 191-215 ;$c24 cm. 502 $aEstratto di Tesi. Pontificio Istituto Orientale. 1968. 504 $aBibliografia in nota a pič pagina. 650 04$aSoteriologia.$0(OLS)http://pul/subject/37217 710 2 $aPontificio Istituto Orientale.$kTesi.$0(OLS)http://pul/name/104919 850 $aPUL 852 $aPUL$W1$xDP1 Tesi Pon. Ist. Orientale$y39$mTH ORIE 82$j187464$qTesi$B190598$CPULBib$Z2$F190598 $H39382 $82 941 1 $a16 996 $6245$aThe covenanters of the early Syriac-speaking Church / $9(OLS)http://pul/title/203090 996 $6260$aRoma :$b[s.n.]$9(OLS)http://pul/publisher/47958